Literature Quiz

Random Literature or Art Quiz

Aesop's Fables Illustrated Quiz Stats

Quiz Updated Aug 12, 2015

Challenge
Share
Tweet
Score 0/22 Timer 05:00
8 Plays Today
% Correct
Wolf
98.6%
Hare
96.4%
Eggs
96.1%
Shadow
93.7%
Boar
93.1%
Lion
92.9%
Sheep
90.8%
Grasshopper
90.1%
Crow
86.6%
Reflection
86.4%
Mouse
83.4%
% Correct
Mole
82.7%
Country
77.6%
Feathers
68.4%
King
54.1%
Grapes
51.9%
Tail
50.2%
Manger
43.8%
Gnat
43.1%
Satyr
38.5%
Astrologer
30.8%
Cat
29.8%

You're not logged in!

Compare scores with friends on all Sporcle quizzes.
Sign Up with Email
OR
Log In

You Might Also Like...

Show Comments

Extras

Top Quizzes Today


Score Distribution

Your Account Isn't Verified!

In order to create a playlist on Sporcle, you need to verify the email address you used during registration. Go to your Sporcle Settings to finish the process.